Lanzarote - ostrov jedného muža
Kanárske ostrovy - atraktívna turistická oblasť so zdravým životným prostredím a večnou jarou. Trinásť ostrovov v Atlantickom oceáne. Ostrov Tenerifa slávny čiernymi plážami a Gran Canaria zlatým pieskom. Lanzarote - krajina formovaná zemetraseniami a výbuchmi lávy. Pláž papagájov, smaragdové kráter...
Saved in:
| Main Author: | |
|---|---|
| Format: | Book Chapter |
| Language: | Slovak |
| Subjects: | |
| Tags: |
No Tags, Be the first to tag this record!
|
MARC
| LEADER | 00000naa$a2200000$$$4500 | ||
|---|---|---|---|
| 001 | 0021656 | ||
| 005 | 20230926070717.4 | ||
| 041 | 0 | |a slo | |
| 044 | |a SK | ||
| 245 | 1 | 0 | |a Lanzarote - ostrov jedného muža |c Alžbeta Capková |
| 520 | |a Kanárske ostrovy - atraktívna turistická oblasť so zdravým životným prostredím a večnou jarou. Trinásť ostrovov v Atlantickom oceáne. Ostrov Tenerifa slávny čiernymi plážami a Gran Canaria zlatým pieskom. Lanzarote - krajina formovaná zemetraseniami a výbuchmi lávy. Pláž papagájov, smaragdové kráterové jazierko, ostrovček Graciosa - lákavé turistické oblasti ostrova. Umelec César Manrique a jeho obdivuhodné diela harmonizujúce s prírodou. Základné administratívne informácie o ostrove Lanzarote. | ||
| 610 | 2 | 0 | |a ruch cestovný |
| 610 | 2 | 0 | |a turistika |
| 610 | 2 | 0 | |a príroda |
| 610 | 2 | 0 | |a architektúra |
| 610 | 2 | 0 | |a umenie |
| 610 | 2 | 0 | |a geografia |
| 100 | 1 | |a Capková, Alžbeta | |